Statistics for Jeopardy Contestants by Picture

Click here to take the quiz!

General Stats

  • This quiz has been taken 3 times
  • The average score is 9 of 16

Answer Stats

Answer% Correct
Amy Schneider
100%
Brad Rutter
100%
Buzzy Cohen
100%
James Holzhauer
100%
Ken Jennings
100%
Matt Amodio
100%
Mattea Roach
100%
Sam Buttrey
100%
Andrew He
50%
Julia Collins
50%
Arthur Chu
0%
Austin Rogers
0%
Cris Pannullo
0%
Emma Boettcher
0%
Matt Jackson
0%
Ryan Long
0%

Score Distribution

Percentile by Number Answered

Percent of People with Each Score

Your Score History

You have not taken this quiz